| 000 | 00593cam a22002171 4500 | ||
|---|---|---|---|
| 001 | ne 63000298 | ||
| 003 | DLC | ||
| 005 | 20260227111741.0 | ||
| 008 | 890228s1961 xx 000 0 ara | ||
| 010 | _ane 63000298 | ||
| 035 | _a(OCoLC)23489964 | ||
| 040 |
_aDLC _cMiU _dDLC |
||
| 050 | 0 | 0 |
_aPJ6141 _b.H3 |
| 100 | 1 |
_aAbū al-Ṭayyib al-Lughawī, ʻAbd al-Wāḥid ibn ʻAlī, _d-962 or 963. |
|
| 245 | 1 | 0 | _aKitāb al-itbāʻ. |
| 260 | _c[1961] | ||
| 300 |
_a128 p. _bfacsims. _c26 cm. |
||
| 490 | 0 | _a# | |
| 650 | 0 |
_aArabic language _xGlossaries, vocabularies, etc. |
|
| 740 | 0 | _aItbāʼ. | |
| 999 |
_c45557 _d45557 |
||